000
00278nam a2200109Ia 4500
008
200302s9999 xx 000 0 und d
100
_a
Simone K. schleifer
245
_a
Architecture and materials
260
_b
Loft Publications S. L. and HBI
260
_c
2011
300
_a
599 P.,
999
_c
3077
_d
3077